LEADER 00896nam0-2200289 --450 001 9910309554603321 005 20190220090736.0 010 $a978-88-6227-678-8$bbrossura 020 $aIT$b2015-3729 100 $a20190219d2014----kmuy0itay5050 ba 101 0 $aita 102 $aIT 105 $a 001yy 200 1 $aFolklore antico e moderno$euna proposta di ricerca sulla cultura popolare greca e romana$fEmanuele Lelli 210 $aPisa$aRoma$cSerra$d2014 215 $a272 p.$d25 cm 225 1 $aFilologia e critica$v99 610 0 $aFolclore$aInflussi [della] Cultura classica$aItalia 676 $a398.0945$v23 700 1$aLelli,$bEmanuele$0168853 801 0$aIT$bUNINA$gREICAT$2UNIMARC 901 $aBK 912 $a9910309554603321 952 $aP2B 320 LELLI E. 2014$bBIBL. 2019$fFLFBC 959 $aFLFBC 996 $aFolklore antico e moderno$91474307 997 $aUNINA LEADER 01158nam 2200385 450 001 9910317665803321 005 20221008093041.0 010 $a953-51-4839-7 010 $a953-51-3154-0 035 $a(CKB)4970000000099426 035 $a(NjHacI)994970000000099426 035 $a(EXLCZ)994970000000099426 100 $a20221008d2017 uy 0 101 0 $aeng 135 $aur||||||||||| 181 $ctxt$2rdacontent 182 $cc$2rdamedia 183 $acr$2rdacarrier 200 00$aTeaching and Learning in Nursing /$fedited by Majda Pajnkihar, Dominika Vrbnjak, Gregor S?tiglic 210 1$a[Place of publication not identified] :$cIntechOpen,$d2017. 215 $a1 online resource (122 entries) 311 $a953-51-3153-2 320 $aIncludes bibliographical references and index. 606 $aTeam nursing 615 0$aTeam nursing. 676 $a610.73 702 $aVrbnjak$b Dominika 702 $aPajnkihar$b Majda 702 $aS?tiglic$b Gregor 801 0$bNjHacI 801 1$bNjHacl 906 $aBOOK 912 $a9910317665803321 996 $aTeaching and learning in nursing$91892253 997 $aUNINA LEADER 01579nas 2200529- 450 001 9910869193103321 005 20211118213022.0 035 $a(OCoLC)870966160 035 $a(CKB)2670000000426233 035 $a(CONSER)--2019207227 035 $a(MiAaPQ)33070 035 $a(DE-599)ZDB2755049-7 035 $a(EXLCZ)992670000000426233 100 $a20140224a20149999 --- - 101 0 $aeng 135 $aur||||||||||| 181 $ctxt$2rdacontent 182 $cc$2rdamedia 183 $acr$2rdacarrier 200 00$aAslib journal of information management 210 1$a[Bingley, United Kingdom] :$cEmerald Group Publishing Limited,$d[2014]- 210 4$dİ2014- 215 $a1 online resource 300 $a"New information perspectives." 300 $aRefereed/Peer-reviewed 311 $a2050-3806 517 1 $aAJIM 531 $aASLIB J INFORM MANAG 606 $aLibraries$zGreat Britain$vPeriodicals 606 $aInformation science$vPeriodicals 606 $aInformation science$2fast$3(OCoLC)fst00972640 606 $aLibraries$2fast$3(OCoLC)fst00997341 606 $aBibliothek$vZeitschrift$2idsbb 607 $aGreat Britain$2fast 608 $aPeriodicals.$2fast 608 $aPeriodicals.$2rbgenr 615 0$aLibraries 615 0$aInformation science 615 7$aInformation science. 615 7$aLibraries. 615 7$aBibliothek 676 $a020.5 712 02$aAslib, 906 $aJOURNAL 912 $a9910869193103321 996 $aAslib journal of information management$91758999 997 $aUNINA